| 000 | 00545nam a2200193 a 4500 | ||
|---|---|---|---|
| 001 | 20014 | ||
| 003 | CO-ViMGA | ||
| 008 | 141112s2004 ck r 000 u spa d | ||
| 020 | _a843031170X | ||
| 040 |
_aCO-ViMGA _bspa _cCO-ViMGA |
||
| 082 | 0 | 4 | _aR463 D831i |
| 100 | 1 |
_aIter 2000, _929052 |
|
| 245 | 1 | 0 | _aDiccionario de dudas y dificultades del idioma |
| 260 |
_aBarcelona : _bEd. Ramon Sopena, _c2000 |
||
| 300 | _a616 p. | ||
| 590 | _aForma de adquisición : Premio Mincultura | ||
| 650 | 1 | 4 |
_aESPAÑOL - DICCIONARIOS _94581 |
| 942 |
_2ddc _cBK |
||
| 999 |
_c29131 _d29131 |
||